| 000 | 00388nam a2200169Ia 4500 | ||
|---|---|---|---|
| 001 | 7770 | ||
| 003 | IN-NITTTR | ||
| 005 | 20251114233031.0 | ||
| 008 | 251113s9999||||xx |||||||||||||| ||eng|| | ||
| 040 | _beng | ||
| 040 | _cIN-NITTTR | ||
| 041 | _aeng | ||
| 082 | _a301.2 M927F | ||
| 100 | _aMunshi, K. M. | ||
| 245 | 0 |
_aFoundations of Indian culture / _cMunshi, K. M. |
|
| 942 |
_2ddc _cBK |
||
| 999 |
_c10408 _d10408 |
||